Európa a Rusko /

Hlavní autor: Vlčej, Jozef, 1985-
Další autoři: Blažek, Jiří, 1947-2024
Jazyk: Slovenština
Čeština
Vydáno: Brno : Tribun EU, 2019
Vydání: Vydání první
Témata:
Fyzický popis: 216 stran : ilustrace, mapy ; 22 cm
Language note: Částečně český text, anglické resumé
Knihy
Uloženo v:
LEADER 02104nam a2200553 i 4500
001 nkc20203245374
003 CZ PrNK
005 20200930111927.0
007 ta
008 200904s2019 xr ab f 000 0 slo
015 |a cnb003245374 
020 |a 978-80-263-1539-1  |q (vázáno)  |z 978-80-263-1446-2 
035 |a (OCoLC)1200257439 
040 |a BOA001  |b cze  |d ABA001  |e rda 
041 0 |a slo  |a cze  |b eng 
043 |a e-ru---  |a e------ 
072 7 |a 327  |x Mezinárodní vztahy, světová politika  |2 Konspekt  |9 15 
080 |a 32:911.3  |2 MRF 
080 |a 327  |2 MRF 
080 |a (470+571)  |2 MRF 
080 |a (4)  |2 MRF 
080 |a (048.8:082)  |2 MRF 
100 1 |a Vlčej, Jozef,  |d 1985-  |7 ola2016921339  |4 aut 
245 1 0 |a Európa a Rusko /  |c Jozef Vlčej, Jiří Blažek a kol. 
250 |a Vydání první 
264 1 |a Brno :  |b Tribun EU,  |c 2019 
300 |a 216 stran :  |b ilustrace, mapy ;  |c 22 cm 
336 |a text  |b txt  |2 rdacontent 
337 |a bez média  |b n  |2 rdamedia 
338 |a svazek  |b nc  |2 rdacarrier 
504 |a Obsahuje bibliografie a bibliografické odkazy 
546 |a Částečně český text, anglické resumé 
650 0 7 |a geopolitika  |7 ph120543  |z Rusko  |2 czenas 
650 0 7 |a geopolitika  |7 ph120543  |z země Evropské unie  |2 czenas 
650 0 9 |a geopolitics  |z Russia  |2 eczenas 
650 0 9 |a geopolitics  |z European Union countries  |2 eczenas 
651 7 |a Rusko  |7 ge128566  |x mezinárodní vztahy  |2 czenas 
651 7 |a země Evropské unie  |7 ge131521  |x mezinárodní vztahy  |2 czenas 
651 9 |a Russia  |x foreign relations  |2 eczenas 
651 9 |a European Union countries  |x foreign relations  |2 eczenas 
655 7 |a kolektivní monografie  |7 fd501537  |2 czenas 
655 9 |a collective monographs  |2 eczenas 
700 1 |a Blažek, Jiří,  |d 1947-2024  |7 jn20000400191  |4 aut 
910 2 |a BOA001  |b 2-1451.400 
990 |a BK 
995 |a 01 
991 |b 202009  |c NOV 
996 6 |b 2610838062  |c 2-1451.400  |l MZK  |r Sklad / do 1 hodiny  |n 0  |p p.v.  |w 001823922  |u 000010  |a 1  |e BOA001  |j MZK50  |s P 
996 7 |b 2610838063  |c 2-1451.400  |l MZK  |r Sklad / do 1 hodiny  |n 6  |p p.v.  |w 001823922  |u 000020  |a 1  |e BOA001  |j MZK50  |s A